Les plus gros transferts par Clubs - Statistiques

Statistiques générales
  • Ce quiz a été pris 222 fois
  • Le résultat moyen est 6 sur 47
Statistiques - réponses
Club Montant Saison Provenance Joueur % Correct
Paris Saint Germain 222 2017-2018 FC Barcelone Neymar
99%
Olympique de Marseille 32 2022-2023 SC Braga Vitinha
68%
AS Monaco 45 2013-2014 FC Porto James Rodríguez
61%
LOSC Lille 27 2020-2021 La Gantoise Jonathan David
54%
RC Lens 30 2023-2024 Montpellier Elye Wahi
45%
OGC Nice 22.50 2023-2024 FC Lorient Terem Moffi
41%
Olympique Lyonnais 31.90 2024-2025 Nottingham Forest Moussa Niakhaté
37%
Stade Rennais FC 28 2022-2023 OGC Nice Amine Gouiri
36%
Montpellier Hérault 9.50 2019-2020 Nîmes Olympique Téji Savanier
24%
FC Girondins de Bordeaux 13.5 2009-2010 AC Milan Yoann Gourcuff
22%
FC Nantes 10 2024-2025 Stade Rennais Matthis Abline
19%
FC Metz 13 2024-2025 Ajax Amsterdam Georges Mikautadze
18%
Stade de Reims 12 2023-2024 LASK Keito Nakamura
13%
Stade de Reims 12 2023-2024 Ajax Amsterdam Mohamed Daramy
13%
AS Saint-Étienne 10 2017-2018 Dijon FCO Loïs Diony
11%
AS Saint-Étienne 10 2024-2025 KVC Westerlo Lucas Stassin
11%
ESTAC Troyes 6.5 2022-2023 Clube Atlético Mineiro Savinho
10%
RC Strasbourg 20 2023-2024 FC Bruges Abakar Sylla
8%
Stade Brestois 5 2020-2021 Huddersfield Steve Mounié
7%
SM Caen 5 2008-2009 Valenciennes FC Steve Savidan
5%
AJ Auxerre 5 2006-2007 Olympique Lyonnais Benoît Pedretti
4%
Stade Brestois 5 2020-2021 AS Saint-Étienne Franck Honorat
4%
Paris FC 2 2023-2024 Stade de Reims Ilan Kebbal
4%
Clermont Foot 63 3.5 2023-2024 Spartak Moscou Maximiliano Caufriez
4%
Amiens SC 6 2019-2020 FC Köln Serhou Guirassy
4%
Angers SCO 7.50 2020-2021 FC Girondins de Bordeaux Paul Bernardoni
3%
Toulouse FC 8 2019-2020 Dijon FCO Wesley Saïd
3%
FC Lorient 11 2022-2023 Udinese Jean-Victor Makengo
2%
Le Havre AC 2 2018-2019 Djurgårdens IF Tino Kadewere
2%
FC Annecy 0.250 2024-2025 Cavalry FC Goteh Ntignee
1%
Nîmes Olympique 4 2019-2020 AJ Auxerre Lamine Fomba
1%
USL Dunkerque 0.500 2020-2021 SM Caen Malik Tchokounté
1%
Le Mans FC 4.5 2006-2007 Clube Atlético Paranaense Paulo André
1%
Dijon FCO 4 2020-2021 BSC Young Boys Roger Assalé
1%
Pau FC 0.600 2024-2025 Stade Brestois Taïryk Arconte
1%
AJ Auxerre 5 2005-2006 Bröndby IF Thomas Kahlenberg
1%
AS Nancy-Lorraine 3 2008-2009 Valenciennes FC Abdeslam Ouaddou
0%
FC Sochaux-Montbéliard 4 2009-2010 Neuchâtel Xamax Brown Ideye
0%
Red Star FC 0.270 1990-1991 Spartak Moscou Fedor Cherenkov
0%
Stade Lavallois 0.300 2010-2011 Vannes Ghislain Gimbert
0%
Valenciennes FC 3 2011-2012 Aparecida-GO Gil
0%
Rodez AF 0.200 2006-2007 Tours FC Julien Lorthioir
0%
SC Bastia 2 1998-1999 Mogi Mirim EC Mariusz Piekarski
0%
AC Ajaccio 0.500 2005-2006 Paris SG Romain Rocchi
0%
Grenoble Foot 38 1.50 2009-2010 Olympique Lyonnais Sandy Paillot
0%
FC Martigues 0.350 1997-1998 Stade Poitevin PEPP Tomasz Frankowski
0%
EA Guingamp 4 2019-2020 RC Lens Yannick Gomis
0%
Aucun quiz correspondant
Distribution des résultats
% des personnes avec chaque résultat
Percentile par nombre de réponses
Votre historique - résultats
Vous n’avez pas pris ce quiz